000 00978nam a22002657a 4500
001 BR8700705
003 BR-BrBNA
005 20230928092345.0
007 ta
008 230509b bl.||||| |||| 00| 0 por d
040 _aBR-BrBNA
_bpor
_cBiblioteca Nacional de Agricultura
041 _a(Por)
072 _aP10
_b/G514
090 _ P10 BR8700705
110 1 _aAssociacao de Credito e Assistencia Rural de Santa Catarina, Florianopolis (Brasil);
110 1 _aEmpresa de Assistencia Tecnica e Extensao Rural do Estado de Santa Catarina, Florianopolis (Brasil)
_94031
245 1 _aRelatorio preliminar das enchentes em Santa Catarina [Brasil]
260 3 _aFlorianopolis, SC (Brasil):
_c1980.
300 _a37 p.
500 _a15 illus. (*) Documento disponível na(o) Instituto de Planejamento e Economia Agricola de Santa Catarina, Florianopolis (Brazil)
650 _aENCHENTE
650 _aSANTA CATARINA
909 _a202309
_bLucia
_c55
_dLucia Elande
942 _cBK
999 _c38546
_d38546